[Event "1. Wittelsbacher Weihnachts-Schach-Open"]
[Site "Kelheim"]
[Date "2012.12.29"]
[Round "7.32"]
[White "Burgard, Manfred"]
[Black "Dietl, Harald"]
[Result "0-1"]
[WhiteElo "1354"]
[BlackElo "1805"]
[PlyCount "102"]
[EventDate "2012.??.??"]
[WhiteTeam "SF Roding"]
[BlackTeam "SK Abensberg"]

1. d4 d5 2. c4 c6 3. cxd5 cxd5 4. Nc3 Nf6 5. Nf3 Nc6 6. Bg5 Ne4 7. Rc1 Bg4 8.
Bd2 e6 9. a3 Bd6 10. Ne5 Bxe5 11. dxe5 O-O 12. Nxe4 dxe4 13. h3 Qh4 14. g3 Qh5
15. Qa4 Bf5 16. Bg2 Bg6 17. Bxe4 Bxe4 18. Qxe4 Qxe5 19. Qxe5 Nxe5 20. f4 Nc6
21. Bc3 Rfd8 22. Kf2 Rd7 23. Rhd1 Rad8 24. Rxd7 Rxd7 25. Rc2 f6 26. e3 Kf7 27.
Rd2 Rxd2+ 28. Bxd2 e5 29. e4 Ke6 30. Ke2 b5 31. f5+ Kd6 32. Bb4+ Kd7 33. Bc5 g6
34. g4 a6 35. Ke3 Na5 36. h4 Nc4+ 37. Ke2 gxf5 38. gxf5 Nxb2 39. Kd2 h5 40. Kc2
Nc4 41. Kd3 Nd6 42. Bb4 Kc6 43. Ba5 Nb7 44. Bb4 Nc5+ 45. Ke3 Kb6 46. a4 a5 47.
Ba3 b4 48. Bb2 Nxa4 49. Ba1 Kb5 50. Kd3 Nc5+ 51. Ke3 Kc4 0-1

[Event "1. Wittelsbacher Weihnachts-Schach-Open"]
[Site "Kelheim"]
[Date "2012.12.29"]
[Round "7.33"]
[White "Obermeier, Johannes"]
[Black "Bumes, Konrad"]
[Result "0-1"]
[WhiteElo "1310"]
[BlackElo "1872"]
[PlyCount "62"]
[EventDate "2012.??.??"]
[WhiteTeam "SK Kelheim 1920"]
[BlackTeam "SC Haar 1931"]

1. e4 c6 2. d4 d5 3. exd5 cxd5 4. c4 Nf6 5. Nc3 Nc6 6. Nf3 e6 7. Bg5 Be7 8. Bd3
O-O 9. O-O Nb4 10. Be2 dxc4 11. Bxc4 b6 12. Qb3 Nc6 13. Rfd1 Na5 14. Qa4 Nxc4
15. Qxc4 Bb7 16. Rac1 Rc8 17. Qd3 h6 18. Bh4 Nd5 19. Bxe7 Qxe7 20. Nxd5 Bxd5
21. a3 Rc7 22. Rc3 Rxc3 23. Qxc3 Bxf3 24. Qxf3 Rd8 25. Qc6 Rd5 26. Qa8+ Kh7 27.
Kf1 Qd7 28. Ke2 e5 29. Rd3 exd4 30. b4 Qg4+ 31. Ke1 Re5+ 0-1

[Event "1. Wittelsbacher Weihnachts-Schach-Open"]
[Site "Kelheim"]
[Date "2012.12.29"]
[Round "7.34"]
[White "Fritsch, Julian"]
[Black "Glück, Ulrich"]
[Result "1/2-1/2"]
[WhiteElo "1300"]
[BlackElo "1748"]
[PlyCount "105"]
[EventDate "2012.??.??"]
[WhiteTeam "SK Kelheim 1920"]
[BlackTeam "MSA Zugzwang 82 e.V."]

1. d4 f5 2. c4 Nf6 3. Nf3 g6 4. g3 Bg7 5. Bg2 O-O 6. O-O d6 7. Qb3 Kh8 8. Ng5
h6 9. Nh3 Qe8 10. Nc3 e5 11. dxe5 dxe5 12. f4 e4 13. Be3 Ng4 14. Bc5 Rf7 15.
Nf2 Na6 16. Ba3 Bd4 17. Ncd1 Nxf2 18. Nxf2 c5 19. e3 Bg7 20. g4 b6 21. Rad1 Be6
22. Qc2 Rd8 23. h3 Nc7 24. Nxe4 fxe4 25. Bxe4 Rxd1 26. Rxd1 Rd7 27. Rxd7 Bxd7
28. Kf2 g5 29. b4 gxf4 30. exf4 Bd4+ 31. Kf3 Kg7 32. Bb2 Ne6 33. bxc5 bxc5 34.
Qb1 Bc6 35. Bxd4+ Nxd4+ 36. Ke3 Kf6 37. Qd3 a5 38. a3 a4 39. h4 Qxe4+ 40. Qxe4
Bxe4 41. Kxe4 Nc2 42. Kd3 Nxa3 43. Kc3 Nb1+ 44. Kb2 Nd2 45. Ka3 Nxc4+ 46. Kxa4
Nd6 47. g5+ Kg6 48. gxh6 Kxh6 49. f5 Kh5 50. Kb3 Kh6 51. Kc3 c4 52. Kd4 Kh5 53.
Kc3 1/2-1/2

[Event "1. Wittelsbacher Weihnachts-Schach-Open"]
[Site "Kelheim"]
[Date "2012.12.29"]
[Round "7.35"]
[White "Brunner, Tobias"]
[Black "Fischer, Wolfgang"]
[Result "0-1"]
[WhiteElo "1297"]
[BlackElo "1474"]
[PlyCount "92"]
[EventDate "2012.??.??"]
[WhiteTeam "TSV Nittenau"]
[BlackTeam "SF Tegernheim"]

1. e4 e5 2. Nf3 Nc6 3. Bc4 Bc5 4. O-O d6 5. h3 Nf6 6. d3 h6 7. Nc3 a6 8. Be3
Ba7 9. Qd2 Na5 10. Bb3 Nxb3 11. axb3 Bd7 12. Nh2 Bc6 13. Bxa7 Rxa7 14. f4 O-O
15. f5 d5 16. exd5 Nxd5 17. Nxd5 Qxd5 18. Qf2 Qd4 19. Qxd4 exd4 20. Ng4 f6 21.
Rae1 Raa8 22. Re7 Rae8 23. Rfe1 Rxe7 24. Rxe7 Re8 25. Rxe8+ Bxe8 26. Nf2 Bc6
27. b4 Kf7 28. Ne4 Bxe4 29. dxe4 Ke7 30. Kf2 Kd6 31. Ke2 Ke5 32. Kf3 b6 33. b3
c5 34. bxc5 bxc5 35. g4 a5 36. h4 c4 37. g5 d3 38. gxh6 gxh6 39. cxd3 cxb3 40.
Ke3 b2 41. d4+ Kd6 42. Kf4 b1=Q 43. e5+ fxe5+ 44. dxe5+ Ke7 45. Kg4 Qd1+ 46.
Kf4 Qd4+ 0-1

[Event "1. Wittelsbacher Weihnachts-Schach-Open"]
[Site "Kelheim"]
[Date "2012.12.29"]
[Round "7.36"]
[White "Fernandez-Alvarez, Raul"]
[Black "Eichinger, Bernd"]
[Result "1/2-1/2"]
[WhiteElo "1279"]
[BlackElo "1315"]
[PlyCount "71"]
[EventDate "2012.??.??"]
[WhiteTeam "SG Schwabing München Nord e.V."]
[BlackTeam "SK Schwandorf"]

1. e4 d5 2. e5 c5 3. c3 Qa5 4. Nf3 Nc6 5. Be2 Bg4 6. O-O c4 7. d4 cxd3 8. Qxd3
Bxf3 9. Bxf3 Nxe5 10. Qxd5 Nxf3+ 11. Qxf3 Qb6 12. Na3 e6 13. Nc4 Qc7 14. b3 Nf6
15. Bf4 Qc6 16. Qxc6+ bxc6 17. Ne3 Nd5 18. Nxd5 cxd5 19. Rfe1 Bc5 20. Rad1 O-O
21. Be3 Rac8 22. Bd2 Rc6 23. Rc1 Rfc8 24. c4 Ba3 25. Rb1 dxc4 26. bxc4 Rxc4 27.
Rb7 Bc5 28. g3 g6 29. Bh6 Rc2 30. Be3 Bxe3 31. Rxe3 Rxa2 32. Rf3 Rf8 33. Rc3
Kg7 34. Re3 a5 35. Rxe6 a4 36. Ra6 1/2-1/2

[Event "1. Wittelsbacher Weihnachts-Schach-Open"]
[Site "Kelheim"]
[Date "2012.12.29"]
[Round "7.37"]
[White "Karl, Markus"]
[Black "Rösch, Maximilian"]
[Result "1/2-1/2"]
[WhiteElo "1436"]
[BlackElo "1086"]
[PlyCount "34"]
[EventDate "2012.??.??"]
[WhiteTeam "SK Kelheim 1920"]
[BlackTeam "SK Kelheim 1920"]

1. d4 d5 2. c4 e6 3. Nc3 Nf6 4. Nf3 c6 5. Bg5 Nbd7 6. e3 Be7 7. cxd5 exd5 8.
Bd3 O-O 9. O-O Re8 10. Qc2 h6 11. Bf4 Bb4 12. a3 Bxc3 13. bxc3 Nh5 14. Rfe1
Nxf4 15. exf4 Rxe1+ 16. Rxe1 Nf6 17. Ne5 Qc7 1/2-1/2

[Event "1. Wittelsbacher Weihnachts-Schach-Open"]
[Site "Kelheim"]
[Date "2012.12.29"]
[Round "7.38"]
[White "Antczak, Lena"]
[Black "Mühlich, Cornelius"]
[Result "1/2-1/2"]
[WhiteElo "1289"]
[BlackElo "1073"]
[PlyCount "66"]
[EventDate "2012.??.??"]
[WhiteTeam "SK Kelheim 1920"]
[BlackTeam "SK Kelheim 1920"]

1. e4 c6 2. d4 d5 3. exd5 cxd5 4. Nc3 Nf6 5. Nf3 Nc6 6. Bb5 Bf5 7. Ne5 Rc8 8.
O-O e6 9. Bg5 Be7 10. Re1 O-O 11. Nxc6 bxc6 12. Bd3 Bxd3 13. Qxd3 Nd7 14. Bf4
c5 15. Nb5 Qb6 16. Rab1 cxd4 17. Nxd4 Bd6 18. Bxd6 Qxd6 19. Qb3 Qb6 20. Qxb6
Nxb6 21. c3 Nd7 22. Nf3 h6 23. Ne5 Nxe5 24. Rxe5 Rfd8 25. g3 d4 26. cxd4 Rxd4
27. Ra5 Rc7 28. Kf1 Rcd7 29. f4 Rd1+ 30. Rxd1 Rxd1+ 31. Kg2 Rd7 32. Rb5 Rd5 33.
Rxd5 exd5 1/2-1/2

[Event "1. Wittelsbacher Weihnachts-Schach-Open"]
[Site "Kelheim"]
[Date "2012.12.29"]
[Round "7.39"]
[White "Böse, Christina"]
[Black "Thamm, Felix"]
[Result "1-0"]
[WhiteElo "1202"]
[BlackElo "810"]
[PlyCount "57"]
[EventDate "2012.??.??"]
[WhiteTeam "SC Bechhofen 1923 e.V."]
[BlackTeam "SF Tegernheim"]

1. e4 e5 2. Nf3 Nc6 3. d4 exd4 4. Nxd4 Qh4 5. Nc3 Bb4 6. Be2 Qxe4 7. Ndb5 Qe5
8. Bd2 Nf6 9. O-O O-O 10. Re1 Bd6 11. Nxd6 Qxd6 12. Nb5 Qe5 13. Bc3 Qe7 14.
Nxc7 Rb8 15. Bb5 Qd8 16. Nd5 Nxd5 17. Qxd5 Kh8 18. Bc4 b6 19. Qf3 Qg5 20. Bxf7
h6 21. Bg6 Bb7 22. Qg3 Qxg3 23. hxg3 Rbd8 24. Be4 Rfe8 25. Rad1 Bc8 26. Rd6 Re6
27. Rxe6 dxe6 28. Bxc6 Ba6 29. Rxe6 1-0

[Event "1. Wittelsbacher Weihnachts-Schach-Open"]
[Site "Kelheim"]
[Date "2012.12.29"]
[Round "7.40"]
[White "Adlhoch, Walter"]
[Black "Böse, Carolin"]
[Result "1/2-1/2"]
[WhiteElo "1271"]
[BlackElo "1179"]
[PlyCount "94"]
[EventDate "2012.??.??"]
[WhiteTeam "SK Schwandorf"]
[BlackTeam "SC Bechhofen 1923 e.V."]

1. c4 Nf6 2. g3 d5 3. cxd5 Nxd5 4. Bg2 e5 5. Nc3 Nf6 6. h3 Nc6 7. Nf3 Bc5 8.
O-O Be6 9. d3 Qd7 10. Kh2 O-O-O 11. Bg5 Rdg8 12. Bxf6 gxf6 13. Ne4 Be7 14. a3
f5 15. Nc3 h5 16. b4 Qd6 17. Nb5 Qd5 18. Nc3 Qd6 19. e4 f4 20. Rc1 f5 21. Qc2
Nd4 22. Nxd4 exd4 23. Nb5 Qb6 24. Nxc7 Kd8 25. Nxe6+ Qxe6 26. exf5 Qxf5 27. Be4
Qd7 28. Qc4 Ke8 29. Qc8+ Qxc8 30. Rxc8+ Kd7 31. Rxg8 Rxg8 32. Bxb7 Bd6 33. Rg1
fxg3+ 34. fxg3 h4 35. Kh1 hxg3 36. Bg2 Kc7 37. Rf1 Kb6 38. Rf5 Re8 39. Kg1 Re3
40. Rf3 Rxf3 41. Bxf3 Bf4 42. h4 Kb5 43. h5 Ka4 44. Kg2 Kxa3 45. b5 Kb4 46. Bc6
Kc3 47. Be4 Kb4 1/2-1/2